01435nam a2200373 a 4500001001200000003000800012006001900020007001500039008004100054010001700095015001900112016001800131020002600149020002300175040002100198035002100219050002500240082001600265100002600281245011600307260004800423300002500471504005100496533015200547650005700699650001900756650003600775650002500811650003600836655002900872710001700901856012600918999001701044ebr10225349CaPaEBRm u cr cn|||||||||070813s2008 njua sb 001 0 eng  z 2007033463 aGBA8062142bnb7 z0144931432Uk z9780470141113 (cloth) z0470141115 (cloth) aCaPaEBRcCaPaEBR a(OCoLC)24552381914aHD30.37b.B45 2008eb04a004.0682221 aBell, Michael,d1951-10aService-oriented modelingh[electronic resource] :bservice analysis, design, and architecture /cMichael Bell. aHoboken, N.J. :bJohn Wiley & Sons,cc2008. axvii, 366 p. :bill. aIncludes bibliographical references and index. aElectronic reproduction.bPalo Alto, Calif. :cebrary,d2013.nAvailable via World Wide Web.nAccess may be limited to ebrary affiliated libraries. 0aBusiness enterprisesxComputer networksxManagement. 0aSystem design. 0aComputer softwarexDevelopment. 0aComputer simulation. 0aComputer network architectures. 7aElectronic books.2local2 aebrary, Inc.40uhttp://site.ebrary.com/lib/rucke/Doc?id=10225349zAn electronic book accessible through the World Wide Web; click to view c27437d27437